Make a wish (English ver.) - NCT U Lyrics - Statistics

General Stats
  • This quiz has been taken 13 times
  • The average score is 288 of 500
Answer Stats
Answer % Correct
A
100%
Do
100%
I
100%
(I
100%
It
100%
All
91%
Make
91%
(Make
91%
This
91%
Wish
91%
Wish)
91%
It's
82%
Its
82%
Up
82%
You
82%
You)
82%
Back
73%
Birthday
73%
Can
73%
In
73%
Me
73%
Night
73%
The
73%
Your
73%
For
64%
Got
64%
Like
64%
No
64%
On
64%
That
64%
(That
64%
To
64%
When
64%
With
64%
Could
55%
Have
55%
Jam
55%
Let
55%
Middle
55%
My
55%
Never
55%
Of
55%
Right
55%
Want
55%
Want)
55%
We
55%
What
55%
You're
55%
At
45%
Break
45%
Come
45%
Don't
45%
Donuts
45%
Girl
45%
Ho
45%
Join
45%
Just
45%
Line
45%
Run
45%
See
45%
Should
45%
(Star)
45%
Star)
45%
Working
45%
Yeah
45%
And
36%
Away
36%
Change
36%
Eat
36%
Give
36%
Her
36%
How
36%
I'm
36%
Know
36%
Let's
36%
Lit
36%
Little
36%
Looking
36%
Loyalty
36%
Money
36%
Royalty
36%
She
36%
Skittles
36%
Spoil
36%
Sweet
36%
Take
36%
Thinking
36%
Tooth
36%
Wanna
36%
Was
36%
Way
36%
Why
36%
Ain't
27%
Always
27%
Anything
27%
Been
27%
Before
27%
Before)
27%
Booked
27%
Calling
27%
Cream
27%
(Dark)
27%
Date
27%
Diamond
27%
Drizzle
27%
Example
27%
Excited
27%
Finer
27%
Fire
27%
Funny
27%
Glowing
27%
Great
27%
Here
27%
Hesitate
27%
Ice
27%
I'll
27%
(I'll
27%
Into
27%
Light
27%
Match
27%
Memories
27%
Milly
27%
Mind
27%
Nibble
27%
One
27%
Overtime
27%
Play
27%
Sea
27%
Show
27%
So
27%
Swimming
27%
That's
27%
Type
27%
Wave
27%
Baby
18%
Energy
18%
Fully
18%
High
18%
Lifts
18%
Marshmallow
18%
Milkshake
18%
Oreo
18%
Out
18%
Said
18%
Sprinkles
18%
There
18%
Took
18%
Are
9%
Chocolate
9%
Flake
9%
From
9%
Heart
9%
Lemon
9%
Long
9%
Now
9%
Pride
9%
Realise
9%
Scheduled
9%
Seen
9%
Sugar
9%
Tell
9%
×4
0%
Bag
0%
Birthday cake)
0%
Cash
0%
(Charged)
0%
Charged
0%
Put
0%
Really
0%
(Really
0%
Rush
0%
Should've
0%
Splash
0%
Throw
0%
Try'na
0%
No matching quizzes found
Score Distribution
Percent of People with Each Score
Percentile by Number Answered
Your Score History
You have not taken this quiz